| 000 | 00388nam a22001217a 4500 | ||
|---|---|---|---|
| 082 | _a200 THE | ||
| 100 |
_aAwais Rafique _970081 |
||
| 245 | _aTH-SOF-1235-Development of Middleware for Embedded Network Framework | ||
| 260 |
_aIslamabad _bNUST College of EME _c2016 |
||
| 650 |
_aMS-COMPUTER ENGINEERING-77 MSTHESIS _969779 |
||
| 700 |
_aSupervisor Dr. Shoab A.Khan _969958 |
||
| 942 | _cCF | ||
| 999 |
_c577126 _d577126 |
||